000 00506nam a22001937a 4500
003 OSt
008 240520b |||||||| |||| 00| 0 eng d
020 _a9789395810708
082 _a615.32 KAP
100 _aKAMBLE, Ashwarya.M
245 _aPractical Handbook of Herbal Drug Technology
260 _aJalgaon
_bPritam Pub.
_c2024
300 _a51
650 _aHARBAL DRUG TECHNOLOGY
700 _aKulkarni, Abhijeet.S
700 _aKamble, Rahul.D
700 _aRukadiker, Rubin.S
942 _2ddc
_cBK
999 _c12701
_d12701